Executive's guide to the wireless workforce
Đã lưu trong:
| 主要作者: | |
|---|---|
| 格式: | 圖書 |
| 語言: | Undetermined |
| 出版: |
Hoboken, N.J.
John Wiley & Sons
2003
|
| 主題: | |
| 標簽: |
添加標簽
沒有標簽, 成為第一個標記此記錄!
|
| Thư viện lưu trữ: | Trung tâm Học liệu Trường Đại học Cần Thơ |
|---|
| LEADER | 00580nam a2200193Ia 4500 | ||
|---|---|---|---|
| 001 | CTU_130828 | ||
| 008 | 210402s9999 xx 000 0 und d | ||
| 020 | |c 55 | ||
| 082 | |a 384.33068 | ||
| 082 | |b L222 | ||
| 100 | |a Lambert, Russ D. | ||
| 245 | 0 | |a Executive's guide to the wireless workforce | |
| 245 | 0 | |c Russ D. Lambert ; Edited by Julia King | |
| 260 | |a Hoboken, N.J. | ||
| 260 | |b John Wiley & Sons | ||
| 260 | |c 2003 | ||
| 650 | |a Cellular telephone systems,Wireless communication systems | ||
| 904 | |i Giang | ||
| 980 | |a Trung tâm Học liệu Trường Đại học Cần Thơ | ||